La Función de las agencias de publicidad / Rafael Roldós
Descripción Física:
11 p. ; 24 cm
Otros Autores:
Congreso Nacional de Publicidad (1929 : Barcelona)
MARC
| LEADER | 00000nam a2200000Ia 4500 | ||
|---|---|---|---|
| 001 | 11628 | ||
| 008 | 160829s1929?] xx 000 0 cat d | ||
| 080 | |a RF-8-18 | ||
| 100 | |a Roldós, Rafael |9 38574 | ||
| 245 | |a La Función de las agencias de publicidad / Rafael Roldós | ||
| 260 | |a Barcelona : |b [s.n., |c 1929?] | ||
| 300 | |a 11 p. ; |c 24 cm | ||
| 590 | |a Abans del títol: Congreso Nacional de Publicidad. Barcelona, Agosto de 1929. Ponencia | ||
| 650 | |a Publicitat |x Congressos |9 38575 | ||
| 650 | |a Agències de publicitat |9 38576 | ||
| 700 | |a Congreso Nacional de Publicidad (1929 : Barcelona) |9 22364 | ||
| 856 | 4 | |u https://media.diba.cat/diba/fitxers/arxiu/fulletons/bib_11628_1929_baixa.pdf |y Accés lliure | |
| 856 | 4 | |u https://media.diba.cat/diba/fitxers/arxiu/fulletons/bib_11628_1929_baixa.pdf |y Accés lliure | |
| 901 | |a Arxiu | ||
| 942 | |n 1 |2 udc | ||
| 952 | |0 0 |1 0 |4 0 |6 RF818 |7 1 |9 48477 |a Arxiu |b Arxiu |d 2016-12-01 |l 0 |o RF-8-18 |p 11628 |r 2016-12-01 00:00:00 |w 2016-12-01 |y ARXIU | ||
| 999 | |c 52306 |d 52306 | ||
| 900 | |a bib_11628_1929_baixa.pdf | ||